Jeux Olympiques - Athlètes les plus médaillés - Extreme - Statistiques

Statistiques générales
  • Ce quiz a été pris 94 fois
    43 depuis la dernière actualisation
  • Le résultat moyen est 10 sur 237
Statistiques - réponses
Sportif Nation Sport Années Sexe Or Argent Bronze % Correct
Michael Phelps États-Unis Natation 2004–2016 M 23 3 2
93%
Johannes Thingnes Bø Norvège Biathlon 2018–2022 M 5 2 1
80%
Usain Bolt Jamaïque Athlétisme 2008–2016 M 8 0 0
73%
Teddy Riner France Judo 2008-2024 M 5 0 2
57%
Léon Marchand France Natation 2024 M 4 0 1
53%
Martin Fourcade France Biathlon 2010–2018 M 5 2 0
53%
Carl Lewis États-Unis Athlétisme 1984–1996 M 9 1 0
47%
Simone Biles États-Unis Gymnastique 2016–2024 F 7 2 2
37%
Katie Ledecky États-Unis Natation 2012–2024 F 9 4 1
30%
Ole Einar Bjørndalen Norvège Biathlon 1998–2014 M 8 4 1
30%
Nadia Comăneci Roumanie Gymnastique 1976–1980 F 5 3 1
27%
Ma Long Chine Tennis de Table 2012–2024 M 6 0 0
23%
Paavo Nurmi Finlande Athlétisme 1920–1928 M 9 3 0
20%
Bradley Wiggins Grande-Bretagne Cyclisme 2000–2016 M 5 1 2
17%
Caeleb Dressel États-Unis Natation 2016–2024 M 9 1 0
17%
Mark Spitz États-Unis Natation 1968–1972 M 9 1 1
17%
Serena Williams États-Unis Tennis 2000–2012 F 4 0 0
17%
Venus Williams États-Unis Tennis 2000–2016 F 4 1 0
17%
Elaine Thompson-Herah Jamaïque Athlétisme 2016–2020 F 5 1 0
13%
Jenny Thompson États-Unis Natation 1992–2004 F 8 3 1
13%
Ryan Lochte États-Unis Natation 2004–2016 M 6 3 3
13%
Allyson Felix États-Unis Athlétisme 2004–2020 F 7 3 1
10%
Harrie Lavreysen Pays Bas Cyclisme 2020-2024 M 5 0 1
10%
Jason Kenny Grande-Bretagne Cyclisme 2008–2020 M 7 2 0
10%
Johannes Høsflot Klæbo Norvège Ski de fond 2018–2022 M 5 1 1
10%
Laura Kenny Grande-Bretagne Cyclisme 2012–2020 F 5 1 0
10%
Leontien van Moorsel Pays Bas Cyclisme 2000–2004 F 4 1 1
10%
Michael Johnson États-Unis Athlétisme 1992–2000 M 4 0 0
10%
Willis Augustus Lee États-Unis Tir 1920 M 5 1 1
10%
Dawn Fraser Australie Natation 1956–1964 F 4 4 0
7%
Emil Hegle Svendsen Norvège Biathlon 2010–2018 M 4 3 1
7%
Emil Zátopek Tchécoslovaquie Athlétisme 1948–1952 M 4 1 0
7%
Ian Thorpe Australie Natation 2000–2004 M 5 3 1
7%
Ireen Wüst Pays-Bas Patinage de vitesse 2006–2022 F 6 5 2
7%
Jesse Owens États-Unis Athlétisme 1936 M 4 0 0
7%
Mijain Lopez Cuba Lutte 2008-2024 M 5 0 0
7%
Mohamed Farah Royaume Uni Athlétisme 2012–2016 M 4 0 0
7%
Aaron Peirsol États-Unis Natation 2000–2008 M 5 2 0
3%
Ahn Hyun-Soo, Viktor Ahn Corée du Sud,  Russie Patinage de vitesse sur piste courte 2006–2014 M 6 0 2
3%
Alexander Popov Équipe unifiée,  Russie Natation 1992–2000 M 4 5 0
3%
Ariarne Titmus Australie Natation 2020-2024 F 4 3 1
3%
Birgit Fischer Allemagne de l'Est, Allemagne Canoë-kayak 1980–2004 F 8 4 0
3%
Bjørn Dæhlie Norvège Ski de fond 1992–1998 M 8 4 0
3%
Cao Yuan Chine Plongeon 2012-2024 M 4 1 1
3%
Chris Hoy Grande-Bretagne Cyclisme 2000–2012 M 6 1 0
3%
Dario Cologna Suisse Ski de fond 2010–2018 M 4 0 0
3%
Darya Domracheva Bielorussie Biathlon 2010–2018 F 4 1 1
3%
Emma McKeon Australie Natation 2016–2024 F 6 3 5
3%
Eric Heiden États-Unis Patinage de vitesse 1980 M 5 0 0
3%
Fanny Blankers-Koen Pays Bas Athlétisme 1948 F 4 0 0
3%
Gary Hall Jr. États-Unis Natation 1996–2004 M 5 3 2
3%
Henri Saint Cyr Suede Equitation 1952–1956 M 4 0 0
3%
Johnny Weissmuller États-Unis Natation, Water polo 1924–1928 M 5 0 1
3%
Kaylee McKeown Australie Natation 2020-2024 F 5 1 3
3%
Larissa Latynina Union soviétique Gymnastique artistique 1956–1964 F 9 5 4
3%
Lisa Carrington Nouvelle-Zélande Canoë-kayak 2012–2024 F 8 0 1
3%
Marit Bjørgen Norvège Ski de fond 2002–2018 F 8 4 3
3%
Matt Biondi États-Unis Natation 1984–1992 M 8 2 1
3%
Michael Jung Allemagne Équitation 2012-2024 M 4 1 0
3%
Missy Franklin États-Unis Natation 2012–2016 F 5 0 1
3%
Mollie O'Callaghan Australie Natation 2020-2024 F 5 1 2
3%
Morris Fisher États-Unis Tir 1920–1924 M 5 0 0
3%
Nathan Adrian États-Unis Natation 2008–2016 M 5 1 2
3%
Nedo Nadi Italie Escrime 1912–1920 M 6 0 0
3%
Ryan Murphy États-Unis Natation 2016–2024 M 5 2 2
3%
Sue Bird États-Unis Basket-ball 2004–2020 F 5 0 0
3%
Sven Fischer Allemagne Biathlon 1994–2006 M 4 2 2
3%
Sven Kramer Pays Bas Patinage de vitesse 2006–2022 M 4 2 3
3%
Ágnes Keleti Hongrie Gymnastique 1952–1956 F 5 3 2
0%
Akinori Nakayama Japon Gymnastique 1968–1972 M 6 2 2
0%
Aladár Gerevich Hongrie Escrime 1932–1960 M 7 1 2
0%
Alexander Tikhonov Union soviétique Biathlon 1968–1980 M 4 1 0
0%
Alexei Nemov Norvège Gymnastique 1996–2000 M 4 2 6
0%
Alfred Lane États-Unis Tir 1912–1920 M 5 0 1
0%
Allison Schmitt États-Unis Natation 2008–2020 F 4 3 3
0%
Al Oerter États-Unis Athlétisme 1956–1968 M 4 0 0
0%
Alvin Kraenzlein États-Unis Athlétisme 1900 M 4 0 0
0%
Amy Van Dyken États-Unis Natation 1996–2000 F 6 0 0
0%
Anastasia Davydova Russie Natation synchronisée 2004–2012 F 5 0 0
0%
Anastasia Ermakova Chine Natation Synchronise 2004–2008 F 4 0 0
0%
André Lange Allemagne Bobsleigh 2002–2010 M 4 1 0
0%
Anton Heida États-Unis Gymnastique 1904 M 5 1 0
0%
Bärbel Wöckel Allemagne de l'Est Athlétisme 1976–1980 F 4 0 0
0%
Ben Ainslie Royaume Uni Voile 1996–2012 M 4 1 0
0%
Betty Cuthbert Australie Athlétisme 1956–1964 F 4 0 0
0%
Bonnie Blair États-Unis Patinage de vitesse 1988–1994 F 5 0 1
0%
Boris Shakhlin Union soviétique Gymnastique 1956–1964 M 7 4 2
0%
Carlo Pavesi Italie Escrime 1952–1960 M 4 0 0
0%
Carl Osburn États-Unis Tir 1912–1924 M 5 4 2
0%
Carl Schuhmann Allemagne Gymnastique, Lutte 1896 M 4 0 0
0%
Caroline Ouellette Canada Hockey sur Glace 2002–2014 F 4 0 0
0%
Cate Campbell Australie Natation 2008–2020 F 4 1 3
0%
Charles Daniels États-Unis Natation 1904–1908 M 4 1 2
0%
Charles Hamelin Canada Short track, Patinage de vitesse 2006–2022 M 4 1 1
0%
Charles Pahud de Mortanges Pays Bas Equitation 1924–1936 M 4 1 0
0%
Chen Ruolin Chine Plongeon 2008–2016 F 5 0 0
0%
Christian d'Oriola France Escrime 1948–1956 M 4 2 0
0%
Chun Lee-Kyung Coree du Sud Short track Patinage de vitesse 1994–1998 F 4 0 1
0%
Clas Thunberg Finlande Patinage de vitesse 1924–1928 M 5 1 1
0%
Claudia Pechstein Allemagne Patinage de vitesse 1992–2006 F 5 2 2
0%
Dana Vollmer États-Unis Natation 2004–2016 F 5 1 1
0%
Danuta Kozák Hongrie Canoë-kayak 2008–2016 F 6 1 1
0%
Dara Torres États-Unis Natation 1984–2008 F 4 4 4
0%
Deng Yaping Chine Table tennis 1992–1996 F 4 0 0
0%
Diana Taurasi États-Unis Basket-ball 2004–2024 F 6 0 0
0%
Doina Ignat Roumanie Aviron 1992–2008 F 4 1 1
0%
Don Schollander États-Unis Natation 1964–1968 M 5 1 0
0%
Ecaterina Szabo Roumanie Gymnastique 1984 F 4 1 0
0%
Edoardo Mangiarotti Italie Escrime 1936–1960 M 6 5 2
0%
Einar Liberg Norvège Tir 1908–1924 M 4 2 1
0%
Elena Novikova-Belova Union soviétique Escrime 1968–1980 F 4 1 1
0%
Elisabeta Lipă Roumanie Aviron 1984–2004 F 5 2 1
0%
Evelyn Ashford États-Unis Athlétisme 1984–1992 F 4 1 0
0%
Francesco Friedrich Allemagne Bobsleigh 2018–2022 M 4 0 0
0%
Fu Mingxia Chine Plongeon 1992–2000 F 4 1 0
0%
Galina Kulakova Union soviétique Ski de fond 1972–1980 F 4 2 2
0%
Georges Miez Suisse Gymnastique 1924–1936 M 4 3 1
0%
Georgeta Damian Roumanie Aviron 2000–2008 F 5 0 1
0%
Gert Fredriksson Suède Canoë-kayak 1948–1960 M 6 1 1
0%
Giorgio Zampori Italie Gymnastique 1912–1924 M 4 0 1
0%
Giovanna Trillini Italie Escrime 1992–2008 F 4 1 3
0%
Giuseppe Delfino Italie Escrime 1952–1964 M 4 2 0
0%
Greg Louganis États-Unis Plongeon 1976–1988 M 4 1 0
0%
Gunde Svan Suede Ski de fond 1984–1988 M 4 1 1
0%
Guo Jingjing Chine Plongeon 2000–2008 F 4 2 0
0%
Győző Kulcsár Hongrie Escrime 1964–1976 M 4 0 2
0%
Hannes Kolehmainen Finlande Athlétisme 1912–1920 M 4 1 0
0%
Hans Günter Winkler Équipe unifiée d’Allemagne,  Allemagne de l'Ouest Équitation 1956–1976 M 5 1 1
0%
Harrison Dillard États-Unis Athlétisme 1948–1952 M 4 0 0
0%
Hayley Wickenheiser Canada Hockey sur Glace 1998–2014 F 4 1 0
0%
Hubert Van Innis Belgique Tir à l'arc 1900–1920 M 6 3 0
0%
Ian Ferguson Nouvelle Zelande Canoë-kayak 1984–1988 M 4 1 0
0%
Inge de Bruijn Pays Bas Natation 2000–2004 F 4 2 2
0%
Isabell Werth Allemagne Équitation 1992–2024 F 8 6 0
0%
Ivan Patzaichin Roumanie Canoë-kayak 1968–1984 M 4 3 0
0%
Ivar Ballangrud Norvège Patinage de vitesse 1928–1936 M 4 2 1
0%
Janet Evans États-Unis Natation 1988–1992 F 4 1 0
0%
Janica Kostelić Croatie Ski alpin 2002–2006 F 4 2 0
0%
Jason Lezak États-Unis Natation 2000–2012 M 4 2 2
0%
Jayna Hefford Canada Hockey sur Glace 1998–2014 F 4 1 0
0%
Jenő Fuchs Hongrie Escrime 1908–1912 M 4 0 0
0%
Jin Jong-oh Coree du Sud Tir 2004–2016 M 4 2 0
0%
Johann Olav Koss Norvège Patinage de vitesse 1992–1994 M 4 1 0
0%
John Naber États-Unis Natation 1976 M 4 1 0
0%
Jon Olsen États-Unis Natation 1992–1996 M 4 0 1
0%
Jørgen Graabak Norvège Combine Nordique 2014–2022 M 4 2 0
0%
Kaori Icho Japon Lutte 2004–2016 F 4 0 0
0%
Kathrin Boron Allemagne Aviron 1992–2008 F 4 0 1
0%
Katrin Wagner-Augustin Allemagne Canoë-kayak 2000–2012 F 4 1 1
0%
Kevin Kuske Allemagne Bobsleigh 2002–2018 M 4 2 0
0%
Kim Soo-Nyung Coree du Sud Tir a l'Arc 1988–2000 F 4 1 1
0%
Kjetil André Aamodt Norvège Ski alpin 1992–2006 M 4 2 2
0%
Kornelia Ender Allemagne de l'Est Natation 1972–1976 F 4 4 0
0%
Kosuke Kitajima Japon Natation 2004–2012 M 4 1 2
0%
Kristin Otto Allemagne de l'Est Natation 1988 F 6 0 0
0%
Krisztina Egerszegi Hongrie Natation 1988–1996 F 5 1 1
0%
Larisa Lazutina Équipe unifiée,  Russie Ski de fond 1992–1998 F 5 1 1
0%
Lasse Virén Finlande Athlétisme 1972–1976 M 4 0 0
0%
Lenny Krayzelburg États-Unis Natation 2000–2004 M 4 0 0
0%
Libby Trickett Australie Natation 2004–2012 F 4 1 2
0%
Lidia Skoblikova Union soviétique Patinage de vitesse 1960–1964 F 6 0 0
0%
Lioubov Iegorova Équipe unifiée, Russie Ski de fond 1992–1994 F 6 3 0
0%
Lisa Leslie États-Unis Basketball 1996–2008 F 4 0 0
0%
Li Xiaopeng Chine Gymnastique 2000–2008 M 4 0 1
0%
Lloyd Spooner États-Unis Tir 1920 M 4 1 2
0%
Lucien Gaudin France Escrime 1920–1928 M 4 2 0
0%
Ludger Beerbaum Allemagne de l'Ouest, Allemagne Equitation 1988–2016 M 4 0 1
0%
Ludmilla Tourischeva Union soviétique Gymnastique 1968–1976 F 4 3 2
0%
Marcus Hurley États-Unis Cyclisme 1904 M 4 0 1
0%
Matt Grevers États-Unis Natation 2008–2012 M 4 2 0
0%
Matthew Pinsent Royaume Uni Aviron 1992–2004 M 4 0 0
0%
Matti Nykänen Finlande Saut a ski 1984–1988 M 4 1 0
0%
Mel Sheppard États-Unis Athlétisme 1908–1912 M 4 1 0
0%
Mitsuo Tsukahara Japon Gymnastique 1968–1976 M 5 1 3
0%
Murray Rose Australie Natation 1956–1960 M 4 1 1
0%
Natalia Ishchenko Russie Natation synchronisée 2008–2016 F 5 0 0
0%
Natalie Geisenberger Allemagne Luge 2010–2022 F 6 0 1
0%
Nellie Kim Union soviétique Gymnastique 1976–1980 F 5 1 0
0%
Nicole Uphoff Allemagne de l'Ouest, Allemagne Equitation 1988–1992 F 4 0 0
0%
Nikolai Andrianov Union soviétique Gymnastique 1972–1980 M 7 5 3
0%
Nikolay Zimyatov Union soviétique Ski de fond 1980–1984 M 4 1 0
0%
Ole Lilloe-Olsen Norvège Tir 1920–1924 M 5 1 0
0%
Olga Korbut Union soviétique Gymnastique 1972–1976 F 4 2 0
0%
Otto Olsen Norvège Tir 1920–1924 M 4 3 1
0%
Pál Kovács Hongrie Escrime 1936–1960 M 6 0 1
0%
Pat McCormick États-Unis Plongeon 1952–1956 F 4 0 0
0%
Paul Bert Elvstrøm Danemark Voile 1948–1960 M 4 0 0
0%
Paulo Radmilovic Royaume Uni Water polo, Natation 1908–1920 M 4 0 0
0%
Polina Astakhova Union soviétique Gymnastique 1956–1964 F 5 2 3
0%
Raisa Smetanina Union soviétique, Équipe unifiée Ski de fond 1976–1992 F 4 5 1
0%
Ramón Fonst Cuba Escrime 1900–1904 M 4 1 0
0%
Ray Ewry États-Unis Athlétisme 1900–1908 M 8 0 0
0%
Reiner Klimke Équipe unifiée d’Allemagne,  Allemagne de l'Ouest Équitation 1964–1988 M 6 0 2
0%
Ricco Groß Allemagne Biathlon 1992–2006 M 4 3 1
0%
Robert Korzeniowski Pologne Athlétisme 1996–2004 M 4 0 0
0%
Roland Matthes Allemagne de l'Est Natation 1968–1976 M 4 2 2
0%
Rudolf Kárpáti Hongrie Escrime 1948–1960 M 6 0 0
0%
Sanya Richards-Ross États-Unis Athlétisme 2004–2012 F 4 0 1
0%
Sawao Katō Japon Gymnastique artistique 1968–1976 M 8 3 1
0%
Shi Tingmao Chine Plongeon 2016–2020 F 4 0 0
0%
Simon Ammann Suisse Saut a ski 2002–2010 M 4 0 0
0%
Sixten Jernberg Suede Ski de fond 1956–1964 M 4 3 2
0%
Stanislav Pozdnyakov Équipe unifiée,  Russie Escrime 1992–2004 M 4 0 1
0%
Steve Redgrave Grande-Bretagne Aviron 1984–2000 M 5 0 1
0%
Svetlana Romashina Russie Natation synchronisée 2008–2020 F 7 0 0
0%
Sylvia Fowles États-Unis Basketball 2008–2020 F 4 0 0
0%
Takashi Ono Japon Gymnastique 1952–1964 M 5 4 4
0%
Tamás Darnyi Hongrie Natation 1988–1992 M 4 0 0
0%
Tamika Catchings États-Unis Basketball 2004–2016 F 4 0 0
0%
Teresa Edwards États-Unis Basketball 1984–2000 F 4 0 1
0%
Therese Johaug Norvège Ski de fond 2010–2022 F 4 1 1
0%
Thomas Alsgaard Norvège Ski de fond 1994–2002 M 5 1 0
0%
Thomas Wassberg Suede Ski de fond 1980–1988 M 4 0 0
0%
Thorsten Margis Allemagne Bobsleigh 2018–2022 M 4 0 0
0%
Tobias Arlt Allemagne Luge 2014–2022 M 6 0 0
0%
Tobias Wendl Allemagne Luge 2014–2022 M 6 0 0
0%
Tom Jager États-Unis Natation 1984–1992 M 5 1 1
0%
Valentina Vezzali Italie Escrime 1996–2012 F 6 1 2
0%
Valentin Muratov Union soviétique Gymnastique 1952–1956 M 4 1 0
0%
Věra Čáslavská Tchécoslovaquie Gymnastique 1960–1968 F 7 4 0
0%
Viktor Chukarin Union soviétique Gymnastique 1952–1956 M 7 3 1
0%
Viktor Krovopuskov Union soviétique Escrime 1976–1980 M 4 0 0
0%
Viktor Sidyak Union soviétique Escrime 1968–1980 M 4 1 1
0%
Ville Ritola Finlande Athlétisme 1924–1928 M 5 3 0
0%
Vincent Hancock États-Unis Tir 2008-2024 M 4 1 0
0%
Viorica Susanu Roumanie Aviron 2000–2008 F 4 0 1
0%
Vitaly Scherbo Équipe unifiée,  Biélorussie Gymnastique 1992–1996 M 6 0 4
0%
Vladimir Artemov Union soviétique Gymnastique 1988 M 4 1 0
0%
Vladimir Salnikov Union soviétique Natation 1980–1988 M 4 0 0
0%
Wang Meng Chine Short track Patinage de vitesse 2006–2010 F 4 1 1
0%
Wang Nan Chine Table tennis 2000–2008 F 4 1 0
0%
Wu Minxia Chine Plongeon 2004–2016 F 5 1 1
0%
Yana Klochkova Ukraine Natation 2000–2004 F 4 1 0
0%
Yevgeny Grishin Union soviétique Patinage de vitesse 1956–1964 M 4 1 0
0%
Yukio Endō Japon Gymnastique 1960–1968 M 5 2 0
0%
Zhang Yining Chine Table tennis 2004–2008 F 4 0 0
0%
Zou Kai Chine Gymnastique 2008–2012 M 5 0 1
0%
Aucun quiz correspondant
Distribution des résultats
% des personnes avec chaque résultat
Percentile par nombre de réponses
Votre historique - résultats
Vous n’avez pas pris ce quiz depuis la dernière actualisation